ՀՀ Գիտությունների ազգային ակադեմիայի հիմնարար գիտական գրադարան  =   Fundamental Scientific Library of NAS RA
Normal view MARC view

Entry Personal Name

Number of records used in: 5

001 - CONTROL NUMBER

  • control field: 1912

003 - CONTROL NUMBER IDENTIFIER

  • control field: AM-YEHGA

005 - DATE AND TIME OF LATEST TRANSACTION

  • control field: 20250617070432.0

008 - FIXED-LENGTH DATA ELEMENTS

  • fixed length control field: 050621 a|ac|n|aab||||||||||||a |n|||||||

040 ## - CATALOGING SOURCE

  • Original cataloging agency: AM-YEHGA

100 1# - HEADING--PERSONAL NAME

  • Personal name: Բալասանյան, Սերգեյ Իշխանի,
  • Dates associated with a name: 1925-2003

400 1# - SEE FROM TRACING--PERSONAL NAME

  • Personal name: Բալասանյան, Ս.Ի.
  • Fuller form of name: (Սերգեյ Իշխանի),
  • Dates associated with a name: 1925-2003

400 1# - SEE FROM TRACING--PERSONAL NAME

  • Personal name: Բալասանյան, Ս.
  • Fuller form of name: (Սերգեյ),
  • Dates associated with a name: 1925-2003

400 1# - SEE FROM TRACING--PERSONAL NAME

  • Personal name: Բալասանյան, Սերգեյ Իշխանի,
  • Dates associated with a name: 1925-2003

400 1# - SEE FROM TRACING--PERSONAL NAME

  • Personal name: Баласанян, Сергей Ишханович,
  • Dates associated with a name: 1925-2003

400 1# - SEE FROM TRACING--PERSONAL NAME

  • Personal name: Баласанян, С.И.
  • Fuller form of name: (Сергей Ишханович),
  • Dates associated with a name: 1925-2003

400 1# - SEE FROM TRACING--PERSONAL NAME

  • Personal name: Balasanyan, Sergey Ishkhani,
  • Dates associated with a name: 1925-2003

670 ## - SOURCE DATA FOUND

  • Source citation: Հայկական համառոտ հանրագիտարան, 1990 :
  • Information found: հ. 1 (Բալասանյան Սերգեյ Իշխանի (ծ. 25.9.1925, գ. Քյաթուկ (ԼՂԻՄ ասկերանի շրջ.) - [2003, Երևան]), հայ երկրաբան։ Երկրբ-հանքաբ. գիտ. դ-ր (1963), պրոֆ. (1964)։ ՀՍՍՀ գիտ. վաստ գործիչ (1970)։ ԵՊՀ դասախոս (1953-ից), միներ և պետրոգրաֆ. ամբիոնի վարիչ (1963-ից))

670 ## - SOURCE DATA FOUND

  • Source citation: Հայաստանի Հանրապետություն (օրաթերթ), 8 հունվ. 2003 :
  • Information found: էջ 3 (Խոսք Հիշատակի : Սերգեյ Բալասանյան : [Մահախոսական])

670 ## - SOURCE DATA FOUND

  • Source citation: Երկրաքիմիա (ՈՒս. ձեռնարկ), 1990 :
  • Information found: տիտղթ. (Ս. Բալասանյան)

670 ## - SOURCE DATA FOUND

  • Source citation: Баласанян, Сергей ИшхановичМагматические формации Армянской ССР, 1975 :
  • Information found: т.л. (С.И. Баласанян); конц. (Баласанян Сергей Ишханович)


ՀՀ ԳԱԱ հիմնարար գիտական գրադարան
ՀՀ,Երևան 0019
Մարշալ Բաղրամյան 24/6
հեռախոս:(374-10) 52-47-50
Հետադարձ կապ

All site content, except where otherwise noted, is licensed under a
Creative Commons License